Price behavior on illegal markets

Ilegálne trhy (čierny trh) - trh s drogami, trh so zbraňami. Ceny na čiernych trhoch. Interakcia medzi ponukou a dopytom. Modely kriminálneho správania. Platy drogových dílerov.

Guardado en:
Detalles Bibliográficos
Autor principal: Vašina, Radoslav
Formato: Capítulo de libro
Lenguaje:inglés
Materias:
Etiquetas: Agregar Etiqueta
Sin Etiquetas, Sea el primero en etiquetar este registro!

MARC

LEADER 00000nla$a2200000$$$4500
001 0144415
005 20221103133914.9
041 0 |a eng 
044 |a SK 
245 1 0 |a Price behavior on illegal markets  |c Radoslav Vašina 
520 |a Ilegálne trhy (čierny trh) - trh s drogami, trh so zbraňami. Ceny na čiernych trhoch. Interakcia medzi ponukou a dopytom. Modely kriminálneho správania. Platy drogových dílerov. 
610 2 0 |a obchod nezákonný 
610 2 0 |a obchod čierny 
610 2 0 |a trh 
610 2 0 |a dopyt 
610 2 0 |a ponuka 
610 2 0 |a kriminalita 
610 2 0 |a drogy 
610 2 0 |a ceny 
100 1 |a Vašina, Radoslav